[Event "Boksburg Inter Region-ch"]
[Site "Boksburg"]
[Date "2016.12.23"]
[Round "7.4"]
[White "Hattingh, Gerhardus"]
[Black "Schoeman, Sane"]
[Result "1-0"]
[WhiteElo "1073"]
[BlackElo "1038"]
[PlyCount "67"]
[EventDate "2016.12.20"]
[EventType "team-swiss"]
[EventRounds "7"]
[EventCountry "RSA"]
[SourceTitle "CBM 176 Extra"]
[Source "ChessBase"]
[SourceDate "2017.03.02"]
[SourceVersion "1"]
[SourceVersionDate "2017.03.02"]
[SourceQuality "1"]
[WhiteTeam "King Catchers"]
[BlackTeam "Little Knights"]
[WhiteTeamCountry "RSA"]
[BlackTeamCountry "RSA"]

1. e4 e6 2. Nf3 d5 3. e5 c5 4. d4 Nc6 5. Bb5 Bd7 6. Bxc6 Bxc6 7. Nc3 cxd4 8. Nxd4 Bc5 9. Be3 Bxd4 10. Qxd4 Ne7 11. g4 0-0 12. 0-0-0 Qa5 13. Rhg1 f6 14. Rd3 fxe5 15. Qxe5 Bd7 16. Bd4 Rf7 17. h4 Ng6 18. Qg5 Nf4 19. Rf3 h6 20. Qe5 Ng6 21. Qe3 Rxf3 22. Qxf3 Nxh4 23. Qd3 Rf8 24. Rh1 Nf3 25. Be3 Ne5 26. Qd1 Nf3 27. g5 hxg5 28. Qd3 Kf7 29. Rh5 Ke8 30. Bxg5 Nxg5 31. Rxg5 Rxf2 32. Rxg7 Rf7 33. Qg6 Kf8 34. Qxf7# 1-0